<?xml version="1.0" encoding="UTF-8"?>
<record
    xmlns:xsi="http://www.w3.org/2001/XMLSchema-instance"
    xsi:schemaLocation="http://www.loc.gov/MARC21/slim http://www.loc.gov/standards/marcxml/schema/MARC21slim.xsd"
    xmlns="http://www.loc.gov/MARC21/slim">

  <leader>00946cam a22003012  4500</leader>
  <datafield tag="999" ind1=" " ind2=" ">
    <subfield code="c">12263</subfield>
    <subfield code="d">12263</subfield>
  </datafield>
  <controlfield tag="001">0000025109</controlfield>
  <controlfield tag="003">OSt</controlfield>
  <controlfield tag="005">20180926095504.0</controlfield>
  <controlfield tag="008">141127s         xx           000 0 eng d</controlfield>
  <datafield tag="020" ind1=" " ind2=" ">
    <subfield code="a">0195731286:</subfield>
  </datafield>
  <datafield tag="040" ind1=" " ind2=" ">
    <subfield code="a">KABU</subfield>
    <subfield code="c">KABU</subfield>
  </datafield>
  <datafield tag="100" ind1="1" ind2=" ">
    <subfield code="a">Kiruthu, Felix.</subfield>
  </datafield>
  <datafield tag="245" ind1="1" ind2="2">
    <subfield code="a">A History and government course :</subfield>
    <subfield code="b">student's book /</subfield>
    <subfield code="c">Felix Kiruthu, Jacinta Kapiyo, Wilson Kimori.</subfield>
  </datafield>
  <datafield tag="246" ind1="3" ind2=" ">
    <subfield code="a">The Evolving world</subfield>
  </datafield>
  <datafield tag="250" ind1=" " ind2=" ">
    <subfield code="a">Updated ed.</subfield>
  </datafield>
  <datafield tag="260" ind1=" " ind2=" ">
    <subfield code="a">Nairobi :</subfield>
    <subfield code="b">OUP,</subfield>
    <subfield code="c">2011.</subfield>
  </datafield>
  <datafield tag="300" ind1=" " ind2=" ">
    <subfield code="a">4 vols. (various pagings).</subfield>
  </datafield>
  <datafield tag="650" ind1=" " ind2="0">
    <subfield code="a">World history.</subfield>
  </datafield>
  <datafield tag="651" ind1=" " ind2="0">
    <subfield code="a">Kenya</subfield>
    <subfield code="x">History.</subfield>
  </datafield>
  <datafield tag="700" ind1="1" ind2=" ">
    <subfield code="a">Kapiyo, Jacinta.</subfield>
  </datafield>
  <datafield tag="700" ind1="1" ind2=" ">
    <subfield code="a">Kimori, Wilson.</subfield>
  </datafield>
  <datafield tag="908" ind1=" " ind2=" ">
    <subfield code="a">141127</subfield>
  </datafield>
  <datafield tag="942" ind1=" " ind2=" ">
    <subfield code="2">lcc</subfield>
    <subfield code="c">BK</subfield>
  </datafield>
  <datafield tag="952" ind1=" " ind2=" ">
    <subfield code="0">0</subfield>
    <subfield code="1">0</subfield>
    <subfield code="2">lcc</subfield>
    <subfield code="7">0</subfield>
    <subfield code="a">KABU</subfield>
    <subfield code="b">KABU</subfield>
    <subfield code="d">2015-12-17</subfield>
    <subfield code="l">411</subfield>
    <subfield code="m">8</subfield>
    <subfield code="o">D20 .K37 2011 Bk3 c. 1</subfield>
    <subfield code="p">016643</subfield>
    <subfield code="r">2022-11-17 00:00:00</subfield>
    <subfield code="s">2022-11-17</subfield>
    <subfield code="w">2015-12-17</subfield>
    <subfield code="y">RES</subfield>
  </datafield>
  <datafield tag="952" ind1=" " ind2=" ">
    <subfield code="0">0</subfield>
    <subfield code="1">0</subfield>
    <subfield code="2">lcc</subfield>
    <subfield code="7">0</subfield>
    <subfield code="a">KABU</subfield>
    <subfield code="b">KABU</subfield>
    <subfield code="d">2015-12-17</subfield>
    <subfield code="l">183</subfield>
    <subfield code="m">4</subfield>
    <subfield code="o">D20 .K37 2011 Bk1 c. 1</subfield>
    <subfield code="p">016645</subfield>
    <subfield code="r">2024-08-05 21:17:12</subfield>
    <subfield code="s">2023-08-17</subfield>
    <subfield code="w">2015-12-17</subfield>
    <subfield code="y">RES</subfield>
  </datafield>
  <datafield tag="952" ind1=" " ind2=" ">
    <subfield code="0">0</subfield>
    <subfield code="1">0</subfield>
    <subfield code="2">lcc</subfield>
    <subfield code="7">0</subfield>
    <subfield code="a">KABU</subfield>
    <subfield code="b">KABU</subfield>
    <subfield code="d">2015-12-17</subfield>
    <subfield code="l">197</subfield>
    <subfield code="o">D20 .K37 2011 Bk4 c. 1</subfield>
    <subfield code="p">016642</subfield>
    <subfield code="r">2022-10-04 00:00:00</subfield>
    <subfield code="s">2022-10-04</subfield>
    <subfield code="t">c. 1</subfield>
    <subfield code="w">2015-12-17</subfield>
    <subfield code="y">RES</subfield>
  </datafield>
  <datafield tag="952" ind1=" " ind2=" ">
    <subfield code="0">0</subfield>
    <subfield code="1">0</subfield>
    <subfield code="2">lcc</subfield>
    <subfield code="7">0</subfield>
    <subfield code="a">KABU</subfield>
    <subfield code="b">KABU</subfield>
    <subfield code="d">2015-12-17</subfield>
    <subfield code="i">2014/0618</subfield>
    <subfield code="l">113</subfield>
    <subfield code="m">4</subfield>
    <subfield code="o">D20 .K37 2011 Bk2 c. 1</subfield>
    <subfield code="p">027325</subfield>
    <subfield code="r">2023-03-02 00:00:00</subfield>
    <subfield code="s">2023-03-02</subfield>
    <subfield code="w">2015-12-17</subfield>
    <subfield code="y">RES</subfield>
  </datafield>
</record>
